000
00216 a2200097 4500
001
18110
100
_a
Reza, F M
245
_a
Introduction to information theory
260
_a
_b
McGraw-Hill
_c
090
_c
13404
_d
13404
942
_a
NUST-CAE
_c
M
_c
3786
999
_c
253183
_d
253183